Call It What You Want - Taylor Swift (All Lyrics) - Statistics

General Stats
  • This quiz has been taken 841 times
  • The average score is 456 of 506
Answer Stats
Lyrics % Correct
I
100%
a
99%
My
99%
my
99%
it
98%
it)
98%
to
98%
to)
98%
when
98%
you
98%
"You
98%
call
97%
Call
97%
(Call
97%
He
97%
he
97%
me
97%
the
97%
wan,
97%
want,
97%
want
97%
what
97%
on
96%
I'm
95%
like
95%
one
95%
yeah
95%
Yeah,
95%
but
94%
But
94%
his
94%
with
93%
with?"
93%
know
92%
Not
92%
'Cause
91%
'cause
91%
he's
91%
They
91%
they
91%
Walkin'
90%
baby's
89%
down
89%
head
89%
neck
89%
So
89%
than
89%
wear
89%
chain
88%
Chain
88%
daydream
88%
'round
88%
walking
88%
All
87%
because
87%
ever
87%
for
87%
initial
87%
it's
86%
owns
86%
brand
85%
castle
85%
crumbled
85%
knife
85%
knows
85%
new
85%
really
85%
was
85%
brought
84%
Loves
84%
overnight
84%
are
83%
at
83%
At
83%
gunfight
83%
is
83%
jet
83%
better
82%
did
82%
fit
82%
fly
82%
from
82%
him
82%
right
82%
doin'
81%
thing
81%
alright
80%
as
80%
away
80%
away)
80%
heard
80%
months
80%
run
80%
stream
80%
took
80%
And
79%
calling
79%
liars
79%
Nobody's
79%
up
79%
whole
79%
just
78%
look
78%
say,
78%
scene
78%
can
77%
more
77%
High
76%
above
75%
crown,
75%
fire
75%
keep
75%
warm
75%
Which
75%
brother
74%
don't
74%
least
74%
make
74%
built
73%
lover,
73%
nothing
73%
same
73%
kings
72%
mistakes
72%
never
72%
November
72%
recall
72%
said
72%
time
72%
Bridges
71%
burn,
71%
every
71%
night
71%
(Would
71%
learn
70%
need
70%
under
70%
dressing
69%
Holding
69%
jokers
69%
late
69%
save
69%
Trust
69%
back
68%
fade
68%
storm
68%
laughin'
67%
after
66%
darkest
66%
flowers
66%
grew
66%
covers
65%
queens
65%
taking
65%
thorns
65%
breath,
64%
makin'
64%
swings
63%
Windows
63%
forts
62%
drama
61%
slowly,
61%
(Oh)
60%
eyes
57%
Starry
53%
boarded
50%
Yes
46%
sparkin'
43%
No matching quizzes found
Score Distribution
Percent of People with Each Score
Percentile by Number Answered
Your Score History
You have not taken this quiz